| 000 | 00521nam a2200181 a 4500 | ||
|---|---|---|---|
| 005 | 20140412111309.0 | ||
| 008 | 000904s19uu xx 00 eng d | ||
| 020 | _a0-7496-1308-4 | ||
| 050 |
_aREF 333.95 _bJ54 1992 |
||
| 100 | _aJennings, Terry | ||
| 245 |
_aWildlife: be a wildlife detective / _cJennings, Terry ; illustrated by Patricia Papps. |
||
| 260 |
_aLondon : _bWatts Books, _c1992. |
||
| 300 | _a26 p. | ||
| 440 | _aStart Exlporing Books | ||
| 500 | _aIncludes index | ||
| 650 | _aFacts | ||
| 999 |
_c103853 _d103853 |
||